01313nam a2200277 4500003000800000005001700008008004100025040002600066041000800092092002600100100003100126245024600157260002900403300001700432502015300449504005100602530006300653650006300716650003600779650004200815650002400857651004300881830008100924942001301005999001701018DO-SdUA20250325093536.0 s2020 dr a|| |||| 0 |a||0|spa d aDO-SdUAbspacDO-SdUA0 aspa a MA-EFD 0100 FCE 20201 aSención Yoseph, Alberto 10aEstrategia didáctica para el mejoramiento del lanzamiento a portería en el balonmano en los estudiantes de primer grado del liceo José Altagracia, distrito educativo 01-03, Barahona, año escolar 2018-2019 /cAlberto Sención Yoseph. aBarahona :bUASD,c2020. a69 h. :bil. aTesis y Trabajo de Grado (Maestría en Gestión de la Educación Física y el Deporte)--Universidad Autónoma de Santo Domingo, Barahona, 2020. aIncluye referencias bibliográficas y anexos. aTambién disponible en CD-ROM (CD MA-EFD 0100 FCE 2020). 72lemb910444aEducación físicaxEstrategia y técnicas 72lemb952988aDeportes escolares 72lemb911768aEntrenamiento atlético 72lemb950883aLiceos 7953599aBarahona (Provincia)y2018-2019 aTesis y disertaciones académicas (Universidad Autónoma de Santo Domingo) 2clcTn0 c12664d12664